| 000 | 01957nmm a2200469 a 4500 | ||
|---|---|---|---|
| 003 | AR-BaBNM | ||
| 005 | 20251128203807.0 | ||
| 008 | 157019s1965 ||||||||||||||000 | spa|| | ||
| 040 | _cAR-BaBNM | ||
| 100 | 1 | _aMoss, Bernice R. | |
| 245 | 1 | 0 |
_aEducación para la salud _buna guía para el maestro y un texto para la enseñanza en Escuelas Normales |
| 260 |
_aMéxico, D.F. _bTrillas _bCentro Regional de Ayuda Técnica _c1965 |
||
| 300 | 0 |
_a486 p. _btablas, láms. |
|
| 500 | 0 | _aEsta obra es producto de un proyecto establecido por una comisión mixta constituída por la "National Education Association" y la "American Medical Association" | |
| 500 | 0 | _aContiene índice alfabético | |
| 500 | 1 | _aEsta edición ha sido preparada conjuntamente por la editorial y el Centro Regional de Ayuda Técnica, Agencia para el Desarrollo InternacionalA.I.D., Departamento de Estado del Gobierno de los Estados Unidos de América. El Centro es una organización dedica | |
| 504 | _aContiene bibliografía al final de cada capítulo | ||
| 610 | 2 | 4 | _aNational Educational Association [Estados Unidos] |
| 610 | 2 | 4 | _aAmerican Medical Association |
| 650 | 4 | _aNINEZ | |
| 650 | 4 | _aADOLESCENCIA | |
| 650 | 4 | _aCURRICULO | |
| 650 | 4 | _aTECNICAS DE ENSENANZA | |
| 650 | 4 | _aUNIVERSIDADES E INSTITUTOS DE ENSENANZA SUPERIOR | |
| 650 | 4 | _aEDUCACION DE ADULTOS | |
| 650 | 4 | _aSERVICIOS ESCOLARES DE SALUD | |
| 650 | 4 | _aSALUD PUBLICA | |
| 650 | 4 | _aFORMACION DE DOCENTES | |
| 653 | 0 | _aEDUCACION PARA LA SALUD | |
| 653 | 0 | _aEDUCACION INICIAL | |
| 653 | 0 | _aEDUCACION PRIMARIA | |
| 653 | 0 | _aEDUCACION SECUNDARIA | |
| 700 | 1 | _aSouthworth, Warren H. | |
| 700 | 1 | _aReichert, John Lester | |
| 700 | 1 |
_aOberteuffer, Delbert _eprologuista |
|
| 700 | 1 |
_aPawsat, Ewald _eprologuista |
|
| 700 | 1 |
_aMichael, LLoyd S. _eprologuista |
|
| 700 | 1 |
_aJohns, Jay J. _eprologuista |
|
| 700 | 1 |
_aOdilón Valadés, Adrián _erevisión |
|
| 942 | _cBK | ||
| 998 | _cSILVI | ||
| 999 |
_c4966 _d4966 |
||